000
00304 a2200133 4500
001
92381
082
_a
297.4 AHM
090
_c
44350
_d
44351
100
_a
Ahmad Rafiq Akhtar, Prof
245
_a
Ahsan i taqweem
260
_a
Sange Meel
_b
Lahore
_c
2014
300
_a
254 p.
600
_a
ahsan-e-taqween
942
_a
CAE NUST
_k
297.4 AHM
999
_c
327454
_d
327454